Základné makroekonomické proporcie vývoja ekonomiky Slovenska v roku 1995 z pohľadu komunálnej sféry
Dynamizujúcim faktorom slovenskej ekonomiky bol v r. 1994 zahraničný obchod. V r. 1995 je potrebné upevniť rast hrubého domáceho produktu. Predkladaná prognostická štúdia sa snaží o pridanie regionálnej dimenzie očakávanému makroekonomickému vývoju. Základné makroekonomické ukazovatele SR. Štruktúra...
Gespeichert in:
| 1. Verfasser: | |
|---|---|
| Weitere Verfasser: | , |
| Format: | Buchkapitel |
| Sprache: | Slowakisch |
| Schlagworte: | |
| Tags: |
Keine Tags, Fügen Sie das erste Tag hinzu!
|
MARC
| LEADER | 00000naa a2200000 4500 | ||
|---|---|---|---|
| 001 | r019561 | ||
| 005 | 20221205103155.1 | ||
| 041 | 0 | |a slo | |
| 044 | |a SK | ||
| 245 | 1 | 0 | |a Základné makroekonomické proporcie vývoja ekonomiky Slovenska v roku 1995 z pohľadu komunálnej sféry |c P. Kárász, J. Renčko, Iveta Pauhofová |
| 520 | |a Dynamizujúcim faktorom slovenskej ekonomiky bol v r. 1994 zahraničný obchod. V r. 1995 je potrebné upevniť rast hrubého domáceho produktu. Predkladaná prognostická štúdia sa snaží o pridanie regionálnej dimenzie očakávanému makroekonomickému vývoju. Základné makroekonomické ukazovatele SR. Štruktúra príjmov štátneho rozpočtu a rozpočtov obcí. Podiel príjmov rozpočtov obcí na HDP vytvoreenom v okrese. | ||
| 610 | 2 | 0 | |a rozvoj hospodársky |
| 610 | 2 | 0 | |a politika rozpočtová |
| 610 | 2 | 0 | |a Slovensko |
| 610 | 2 | 0 | |a prognózy |
| 610 | 2 | 0 | |a produkt domáci hrubý |
| 610 | 2 | 0 | |a politika regionálna |
| 610 | 2 | 0 | |a ukazovatele ekonomické |
| 610 | 2 | 0 | |a miera nezamestnanosti |
| 610 | 2 | 0 | |a príjmy rozpočtu štátneho |
| 610 | 2 | 0 | |a rozpočet miestny |
| 610 | 2 | 0 | |a obchod zahraničný |
| 610 | 2 | 0 | |a ceny |
| 610 | 2 | 0 | |a úver |
| 610 | 2 | 0 | |a investície |
| 100 | 1 | |a Kárász, Pavol | |
| 700 | 1 | |a Renčko, Juraj | |
| 700 | 1 | |a Pauhofová, Iveta | |